The little green data book
Tallennettuna:
| Yhteisötekijä: | |
|---|---|
| Aineistotyyppi: | Kirja |
| Kieli: | Undetermined |
| Julkaistu: |
Washington
The World bank
2005
|
| Aiheet: | |
| Tagit: |
Lisää tagi
Ei tageja, Lisää ensimmäinen tagi!
|
| Thư viện lưu trữ: | Trung tâm Học liệu Trường Đại học Cần Thơ |
|---|
| LEADER | 00542nam a2200181Ia 4500 | ||
|---|---|---|---|
| 001 | CTU_76015 | ||
| 008 | 210402s9999 xx 000 0 und d | ||
| 082 | |a 354 | ||
| 082 | |b W927/2005 | ||
| 110 | |a The World Bank | ||
| 245 | 4 | |a The little green data book | |
| 245 | 4 | |c The World Bank ; From the World development indicators | |
| 260 | |a Washington | ||
| 260 | |b The World bank | ||
| 260 | |c 2005 | ||
| 650 | |a Economic development,Economic indicators | ||
| 904 | |i Nguyên,Hải | ||
| 980 | |a Trung tâm Học liệu Trường Đại học Cần Thơ | ||